• 首页
  • 本馆介绍
  • 公告通知
  • 最新文献
  • 馆藏检索
  • 电子资源
  • 读者导购
  • 参考咨询
  • 我的图书馆
  • 登录
  • 详细信息显示
  • 放入我的书架
  • 预约/预借图书
  • 作者相关作品
  • 分类相关作品
  • 丛书相关作品
  • 出版社相关作品

书目信息

  • 表格格式
  • 工作单格式
  • 卡片格式
题名:
实践是检验真理的唯一标准问题讨论集
    
 
作者: ;哲学研究编辑部 编
分册: 第一集  
出版信息: 北京   中国社会科学出版社  1979
页数: 366页
开本: 19cm
丛书名:
单 册:
中图分类: B023.3-53 , B023
科图分类:
主题词: 实践-关系-真理的标准--文集 , 真理的标准-关系-实践--文集
电子资源:
ISBN:
000 00755nam0 2200241 450
001 1540402961
005 20150121111359.67
010    @dCNY0.80
091    @a2190.004
100    @a19950712d1979 emky0chiy0110 ea
101 0  @achi
102    @aCN@b110000
105    @ay z 000yy
200 1  @a实践是检验真理的唯一标准问题讨论集@9shi jian shi jian yan zhen li de wei yi biao zhun wen ti tao lun ji@h第一集@f《哲学研究》编辑部编
210    @a北京@c中国社会科学出版社@d1979
215    @a366页@d19cm
606 0  @a实践-关系-真理的标准@x文集
606 0  @a真理的标准-关系-实践@x文集
690    @aB023.3-53@v5
690    @aB023@v4
711 02 @a哲学研究编辑部@9zhe xue yan jiu bian ji bu@4编
801  0 @aCN@bTSSF@c20150121
905    @aZUCC@dB023@eJY38:1
    
    实践是检验真理的唯一标准问题讨论集.第一集/《哲学研究》编辑部编.-北京:中国社会科学出版社,1979
    366页;19cm
    
    
    ISBN :CNY0.80
    
●
相关链接 在E读中查询图书 在五车中查询图书 在当当中查询图书 在豆瓣中查询图书


正题名:实践是检验真理的唯一标准问题讨论集     索取号:B023/JY38:1         预约/预借

序号 登录号 条形码 馆藏地/架位号 状态 备注
1 7856670   278566703   学院路分馆/ [索取号:B023/JY38:1] 在馆    
唐山师范学院图书馆 欢迎您!
大连网信软件有限公司© 版权所有